Les Chefs d'Etat durant la Renaissance - Statistiques

Statistiques générales
  • Ce quiz a été pris 88 fois
  • Le résultat moyen est 12 sur 32
Statistiques - réponses
Hint Réponse % Correct
1589-1610 Henri IV
91%
1547-1559 Henri II
87%
1519-1556 Charles Quint
85%
1516-1556 Charles Quint
85%
1498-1515 Louis XII
85%
1515-1547 François Ier
84%
1574-1589 Henri III
79%
1559-1560 François II
75%
1485-1509 Henri VII
73%
1509-1547 Henri VIII
73%
1560-1574 Charles IX
69%
1556-1598 Philippe II
43%
1558-1603 Elisabeth Ier
35%
1547-1553 Edouard VI
31%
1513-1521 Léon X
27%
1553-1558 Marie Ier
27%
1566-1572 Pie V
24%
1503-1513 Jules II
21%
1559-1565 Pie IV
20%
1508-1519 Maximilien Ier
17%
1523-1534 Clément VII
15%
1550-1555 Jules III
12%
1534-1549 Paul III
12%
1555-1559 Paul IV
12%
1564-1576 Maximilien II
11%
1585-1590 Sixte V
11%
1553-1553 Jeanne Grey
9%
1572-1585 Grégoire XIII
8%
1522-1523 Adrien VI
4%
1555-1555 Marcel II
3%
1576-1612 Rodolphe II
3%
1556-1564 Ferninand Ier
0%
Aucun quiz correspondant
Distribution des résultats
% des personnes avec chaque résultat
Percentile par nombre de réponses
Votre historique - résultats
Vous n’avez pas pris ce quiz